| 000 | 00483nam a22001812 4500 | ||
|---|---|---|---|
| 001 | 0000004506 | ||
| 005 | 20170406115858.0 | ||
| 008 | 141003s xx 000 0 eng d | ||
| 020 |
_a9780316725989 : _c$ |
||
| 040 |
_aYour Holding Symbol _cYour Holding Symbol |
||
| 100 | 1 | _aDelaney.Frank. | |
| 245 | 1 | 0 |
_aIreland : _ba novel. |
| 250 | _a ed. | ||
| 260 |
_alondon : _b A Time book, _c2004. |
||
| 300 |
_a468 p. ; _c cm. |
||
| 650 | 0 | _afiction. | |
| 908 | _a141003 | ||
| 999 |
_c4330 _d4330 |
||